Complete Sherlock Holmes

में बचाया:
ग्रंथसूची विवरण
मुख्य लेखक: Doyle, Arthur Conan (लेखक)
स्वरूप: पुस्तक
भाषा:अंग्रेज़ी
प्रकाशित: Londres Penguin Books 1981
संस्करण:1a. ed
श्रृंखला:The Penguin Complete
विषय:
टैग: टैग जोड़ें
कोई टैग नहीं, इस रिकॉर्ड को टैग करने वाले पहले व्यक्ति बनें!

MARC

LEADER 00000cam a2200000 a 4500
001 UCC3853
003 CL-VaPUC
008 180622e19810000uk |||||||||||||||||eng|d
020 |a 0140056947 
082 0 4 |a 823  |b DOY  |2 21 
100 0 |a Doyle, Arthur Conan  |e author  |9 597966 
245 1 0 |a Complete Sherlock Holmes 
250 |a 1a. ed 
300 |a 1122 p 
942 |c BK 
945 |d 20180622 13:48:00  |a dcastane 
260 |a Londres  |b Penguin Books  |c 1981 
650 0 |a Novelas inglesas  |9 265220 
650 0 |a Literatura inglesa  |9 312907 
650 7 |a DETECTIVES PRIVADOS  |2 CL-VaPUC  |9 597967 
583 |a last modification  |c 20180622 13:48:00  |k Rodrigo Vera 
490 0 |a The Penguin Complete 
999 |c 371521  |d 371519 
952 |0 0  |1 0  |3 erb  |4 0  |6 823_000000000000000_DOY_1981  |7 0  |8 A  |9 488531  |a BIBING  |b BIBING  |i 5476925  |l 2  |o 823 DOY 1981  |p 5476925  |r 2025-01-20  |s 2023-11-20  |w 2019-11-24  |y BK  |z Catalogado en:20180622  |k CCL